A SYNOPTIE KEY OF THE MATERIA MEDICA (Record no. 33662)

MARC details
000 -LEADER
fixed length control field 00345nam a22001457a 4500
003 - CONTROL NUMBER IDENTIFIER
control field SGT
082 ## - DEWEY DECIMAL CLASSIFICATION NUMBER
Classification number 615.532
Item number S00B
100 ## - MAIN ENTRY--PERSONAL NAME
Personal name BOGER, C.M
245 ## - TITLE STATEMENT
Title A SYNOPTIE KEY OF THE MATERIA MEDICA
260 ## - PUBLICATION, DISTRIBUTION, ETC. (IMPRINT)
Place of publication, distribution, etc CALCUTTA
Name of publisher, distributor, etc A.B. PUBLICATION
300 ## - PAGE DESCRIPTION
No. of Pages 460
650 ## - SUBJECT ADDED ENTRY--TOPICAL TERM
Topical term or geographic name as entry element AYURVEDA
653 ## - KEYWORDS--INDEX TERM
Keyword term SYNOPTIE, KEY , MATERIA , MEDICA
942 ## - ADDED ENTRY ELEMENTS (KOHA)
Source of classification or shelving scheme Dewey Decimal Classification
Koha item type Rare Books
Holdings
Withdrawn status Lost status Source of classification or shelving scheme Damaged status Use restrictions Not for loan Collection code Home library Current library Shelving location Date acquired Total Checkouts Full call number Accession No. (Barcode) Date last seen Bill Date Koha item type
    Dewey Decimal Classification   Restricted Access   AYURVEDA SGT FA-FP Library SGT FA-FP Library On Display 28/01/2026   615.532 S00B FA12875 28/01/2026 28/01/2026 Rare Books